[Event "Int. Stuttgarter Stadtmeisterschaft B"]
[Site "Ditzingen"]
[Date "2016.05.05"]
[Round "1.25"]
[White "Giebler, Kai"]
[Black "Tölg, Wolfgang"]
[Result "1-0"]
[WhiteElo "1789"]
[BlackElo "1598"]
[PlyCount "173"]
[EventDate "2016.??.??"]
[WhiteTeam "TSF Ditzingen"]
[BlackTeam "SF Oeffingen"]

1. e4 e5 2. Nf3 Nc6 3. d4 exd4 4. Nxd4 Qf6 5. Be3 Bc5 6. c3 Bb6 7. Be2 Nge7 8.
Bf3 Ne5 9. Be2 O-O 10. Nd2 d5 11. f3 c5 12. N4b3 dxe4 13. Nxe4 Qg6 14. Bxc5 Rd8
15. Bd4 Bxd4 16. cxd4 Qxg2 17. Ng3 Be6 18. Nc5 Bf5 19. Nxb7 Rd5 20. f4 Be4 21.
fxe5 Nf5 22. Bf1 Qf3 23. Qxf3 Bxf3 24. Nxf5 Kf8 25. Rg1 g6 26. Nh4 Bh5 27. Bg2
Rxd4 28. Nf3 Rb4 29. Ng5 Re8 30. e6 h6 31. Nd6 Re7 32. Ngxf7 Rxe6+ 33. Kd2 g5
34. Kc3 Rf4 35. Bd5 Re3+ 36. Kd2 Re2+ 37. Kc3 Bg6 38. Nxh6 Re3+ 39. Kd2 Rd3+
40. Ke2 Rxd5 41. Rad1 Bh5+ 42. Ng4 Rxd1 43. Kxd1 Bxg4+ 44. Kc2 a6 45. h3 Bf5+
46. Nxf5 Rxf5 47. Re1 Kf7 48. Re3 Rf2+ 49. Kc3 Rf4 50. b3 Rh4 51. a4 Rh6 52. b4
Rb6 53. Re5 Kf6 54. Ra5 Rc6+ 55. Rc5 Rb6 56. b5 axb5 57. axb5 Rb8 58. Kc4 Kg6
59. Rd5 Kh5 60. Kc5 Kh4 61. b6 Rc8+ 62. Kb5 Kxh3 63. Rxg5 Kh4 64. Rg7 Rc1 65.
b7 Kh5 66. Kb6 Kh6 67. Rc7 Rb1+ 68. Kc6 Kg6 69. Kd7 Kf6 70. Kc8 Ke6 71. b8=Q
Rxb8+ 72. Kxb8 Kd6 73. Rc4 Kd5 74. Rh4 Kc5 75. Kc7 Kd5 76. Kb6 Ke5 77. Kc6 Ke6
78. Re4+ Kf5 79. Kd5 Kf6 80. Re5 Kf7 81. Re6 Kf8 82. Kd6 Kf7 83. Ke5 Kg7 84.
Kf5 Kf7 85. Re5 Kg7 86. Ra5 Kh6 87. Ra7 1-0

[Event "Int. Stuttgarter Stadtmeisterschaft B"]
[Site "Ditzingen"]
[Date "2016.05.05"]
[Round "1.26"]
[White "Petitto, Francesco"]
[Black "Pocrnic, Josip"]
[Result "0-1"]
[WhiteElo "1595"]
[BlackElo "1787"]
[PlyCount "58"]
[EventDate "2016.??.??"]
[WhiteTeam "SK Sontheim/Brenz"]
[BlackTeam "SF Conweiler"]

1. e4 e6 2. d4 d5 3. Nc3 Nf6 4. Bg5 Be7 5. Bd3 h6 6. Bf4 c6 7. exd5 exd5 8.
Nge2 Bg4 9. O-O Bxe2 10. Nxe2 O-O 11. Ng3 Re8 12. Nf5 Bf8 13. Qf3 Nbd7 14. Qg3
Kh8 15. Qh3 Ng8 16. g4 g5 17. Bd6 Re6 18. Bxf8 Qxf8 19. f4 f6 20. fxg5 fxg5 21.
c3 Ndf6 22. Qg3 Rae8 23. Qc7 b5 24. Ng3 R8e7 25. Qa5 Qb8 26. b3 Re3 27. Bf5
Rxg3+ 28. hxg3 Qxg3+ 29. Kh1 Re2 0-1

[Event "Int. Stuttgarter Stadtmeisterschaft B"]
[Site "Ditzingen"]
[Date "2016.05.05"]
[Round "1.27"]
[White "Santiago, Nicolas"]
[Black "Uhlarz, Jörg"]
[Result "1/2-1/2"]
[WhiteElo "1785"]
[BlackElo "1592"]
[PlyCount "149"]
[EventDate "2016.??.??"]
[WhiteTeam "SC Kreut"]
[BlackTeam "SC Mühlacker"]

1. d4 f5 2. c4 Nf6 3. Nc3 e6 4. Nf3 Be7 5. Bg5 d5 6. e3 O-O 7. Bd3 Nbd7 8. cxd5
Nxd5 9. Bxe7 Qxe7 10. Rc1 c6 11. O-O e5 12. Nxd5 cxd5 13. dxe5 Nxe5 14. Nxe5
Qxe5 15. Qb3 Be6 16. Qxb7 Rab8 17. Qxa7 Rxb2 18. a4 Ra2 19. Rc7 Rxa4 20. Rxg7+
Qxg7 21. Qxa4 f4 22. Qc6 Qe5 23. exf4 Rxf4 24. Qe8+ Kg7 25. Qe7+ Rf7 26. Qh4
Kh8 27. Rd1 Rg7 28. f4 Qd4+ 29. Qf2 Qf6 30. Rb1 Qc3 31. Rb8+ Bg8 32. Qe2 Qc5+
33. Qf2 Qc7 34. Rb1 h5 35. Re1 Qf7 36. Re5 Rg4 37. Bf5 Rg7 38. Qh4 Qa7+ 39. Kh1
Bf7 40. Be6 Qa1+ 41. Re1 Qb2 42. g4 Bxe6 43. Rxe6 Qb1+ 44. Re1 Qg6 45. Qxh5+
Qxh5 46. gxh5 Rf7 47. Rf1 Kg7 48. Kg2 Kf6 49. Kf3 Re7 50. Rg1 Rd7 51. Rg5 Ke6
52. Kg4 d4 53. h6 d3 54. Re5+ Kf6 55. Re1 d2 56. Rd1 Rd3 57. h7 Kg7 58. Kf5
Kxh7 59. Ke4 Rd8 60. Ke3 Re8+ 61. Kxd2 Kg6 62. Rf1 Kf5 63. h4 Rg8 64. Ke3 Rg3+
65. Rf3 Rg1 66. Rh3 Kg4 67. Rh2 Re1+ 68. Kf2 Ra1 69. Ke3 Re1+ 70. Kf2 Ra1 71.
Ke3 Re1+ 72. Kd2 Ra1 73. Ke3 Re1+ 74. Kd4 Kg3 75. Rd2 1/2-1/2

[Event "Int. Stuttgarter Stadtmeisterschaft B"]
[Site "Ditzingen"]
[Date "2016.05.05"]
[Round "1.28"]
[White "Langer, Helmut"]
[Black "Hahn, Martin"]
[Result "1/2-1/2"]
[WhiteElo "1577"]
[BlackElo "1784"]
[PlyCount "54"]
[EventDate "2016.??.??"]
[WhiteTeam "SC Magstadt"]
[BlackTeam "SF Oeffingen"]

1. e4 d5 2. exd5 Qxd5 3. Nf3 Bg4 4. Be2 Nc6 5. Nc3 Qd7 6. d4 e6 7. a3 Nf6 8.
Ne5 Nxe5 9. dxe5 Qxd1+ 10. Bxd1 Bxd1 11. exf6 Bxc2 12. Bg5 gxf6 13. Bxf6 Rg8
14. Rc1 Bd3 15. Rd1 Ba6 16. g3 Be7 17. Ne4 b6 18. f3 Rg6 19. Be5 Rc8 20. Rc1 f5
21. Nd2 Bf6 22. Bxf6 Rxf6 23. f4 c5 24. Kf2 Rd8 25. Rhd1 Rf7 26. Nf3 Rfd7 27.
Ke1 Bb7 1/2-1/2

[Event "Int. Stuttgarter Stadtmeisterschaft B"]
[Site "Ditzingen"]
[Date "2016.05.05"]
[Round "1.29"]
[White "Michna, Marcus"]
[Black "Schreiber, Winfried"]
[Result "1-0"]
[WhiteElo "1784"]
[BlackElo "1575"]
[PlyCount "115"]
[EventDate "2016.??.??"]
[WhiteTeam "TSF Ditzingen"]

1. d4 Nf6 2. c4 g6 3. f3 Bg7 4. e4 d6 5. Nc3 O-O 6. Be3 e5 7. d5 c6 8. Bd3 cxd5
9. cxd5 a6 10. a4 Qa5 11. Nge2 Nfd7 12. O-O Nc5 13. Bc2 f5 14. Kh1 fxe4 15.
Nxe4 Nxe4 16. fxe4 Bg4 17. Rxf8+ Bxf8 18. h3 Bxe2 19. Qxe2 Nd7 20. Rf1 Bg7 21.
Qc4 Qd8 22. Qb4 Qc7 23. Bb3 a5 24. Qb5 b6 25. Rc1 Nc5 26. Bd1 Qd8 27. Bc2 Rb8
28. Qf1 Qd7 29. b3 Rf8 30. Qe2 Qb7 31. Rf1 Rxf1+ 32. Qxf1 Qf7 33. Qxf7+ Kxf7
34. Kg1 h5 35. g3 Kg8 36. Bg5 Nb7 37. Kf2 Kh7 38. Ke2 Bh6 39. Be7 Bc1 40. Kd3
Kg7 41. h4 Ba3 42. Bg5 Bc5 43. Kc4 Bf2 44. Kb5 Nc5 45. Kc6 Bxg3 46. Kxd6 Na6
47. Ke7 Bf4 48. Bf6+ Kh6 49. d6 Nc5 50. d7 Nxd7 51. Kxd7 g5 52. hxg5+ Kg6 53.
Bd1 h4 54. Bg4 Bxg5 55. Bxe5 Be3 56. Kc6 Kg5 57. Bh3 Bf4 58. Bd4 1-0

[Event "Int. Stuttgarter Stadtmeisterschaft B"]
[Site "Ditzingen"]
[Date "2016.05.05"]
[Round "1.30"]
[White "Hrsak, Marco"]
[Black "Meinecke, Klaus-Hinrich"]
[Result "1-0"]
[WhiteElo "1571"]
[BlackElo "1783"]
[PlyCount "125"]
[EventDate "2016.??.??"]
[WhiteTeam "SC Kirchheim/Teck"]
[BlackTeam "TSV Münchingen"]

1. e4 c5 2. Nf3 d6 3. c3 Nf6 4. Bd3 Nc6 5. h3 g6 6. Bc2 Bg7 7. O-O O-O 8. a3 e5
9. d3 h6 10. Be3 Qe7 11. Bb3 Be6 12. Nbd2 b5 13. Rc1 a5 14. Nh4 c4 15. dxc4
bxc4 16. Bxc4 Bxc4 17. Nxc4 Nxe4 18. Nxg6 fxg6 19. Qd5+ Qf7 20. Qxc6 d5 21. Nb6
Rad8 22. Rcd1 Rd6 23. Qb5 Rb8 24. Qxa5 d4 25. cxd4 Rdxb6 26. dxe5 Rxb2 27. Rd8+
Kh7 28. Rxb8 Rxb8 29. Bd4 Qd7 30. Rd1 Qe6 31. Qe1 Ng5 32. f4 Nf7 33. Qe4 Rc8
34. g4 Nd6 35. Qd3 Nc4 36. f5 gxf5 37. gxf5 Nxe5 38. fxe6+ Nxd3 39. Bxg7 Kxg7
40. Rxd3 Kf6 41. Kf2 Rc6 42. Re3 Ke7 43. Kg3 Rc4 44. Kf3 Ra4 45. Ke2 Rd4 46.
Ke1 h5 47. Ke2 Rh4 48. Kd3 Ra4 49. Kc2 Rf4 50. Kb3 h4 51. a4 Rf5 52. Kb4 Rg5
53. Re4 Rg3 54. Rxh4 Kxe6 55. a5 Rg1 56. Kb5 Rb1+ 57. Ka6 Kd7 58. Ka7 Kc7 59.
a6 Rb3 60. Rh7+ Kc8 61. h4 Rb4 62. h5 Rb5 63. h6 1-0

[Event "Int. Stuttgarter Stadtmeisterschaft B"]
[Site "Ditzingen"]
[Date "2016.05.05"]
[Round "1.31"]
[White "Kelemen, Alexander"]
[Black "Kast, Larissa"]
[Result "1-0"]
[WhiteElo "1723"]
[BlackElo "1567"]
[PlyCount "115"]
[EventDate "2016.??.??"]
[WhiteTeam "SC Weiße Dame Ulm"]
[BlackTeam "SK Ettlingen"]

1. d4 d5 2. c4 e6 3. Nc3 Nf6 4. cxd5 exd5 5. Bg5 c6 6. Qc2 Be7 7. e3 b6 8. Bd3
h6 9. Bf4 Bd6 10. Bg3 Bb7 11. Nf3 Bxg3 12. hxg3 Nbd7 13. Nh4 Nf8 14. O-O Ne6
15. Bf5 Bc8 16. Ne2 Qd6 17. Rac1 Bd7 18. Bxe6 Qxe6 19. Nf4 Qe4 20. Nf3 Qxc2 21.
Rxc2 Ng4 22. Nd3 Bf5 23. Rd1 Rc8 24. Rcc1 Bxd3 25. Rxd3 Kd7 26. Rdc3 Rhe8 27.
Ne1 Nf6 28. Nd3 Ng4 29. Nb4 a5 30. Nxc6 Kd6 31. Na7 Rxc3 32. Rxc3 Nf6 33. Nb5+
Kd7 34. Rc7+ Kd8 35. Rxf7 Re7 36. Rxe7 Kxe7 37. Kf1 Kd7 38. Ke2 Kc6 39. Nc3 Kd7
40. Kd3 Kc6 41. f3 b5 42. e4 b4 43. Nxd5 Nxd5 44. exd5+ Kxd5 45. b3 h5 46. f4
g6 47. Ke3 a4 48. bxa4 Kc4 49. Ke4 Kc3 50. d5 Kb2 51. d6 Kxa2 52. d7 b3 53.
d8=Q b2 54. Qd2 Ka3 55. Qxb2+ Kxb2 56. a5 Kb3 57. a6 Kb4 58. a7 1-0

[Event "Int. Stuttgarter Stadtmeisterschaft B"]
[Site "Ditzingen"]
[Date "2016.05.05"]
[Round "1.32"]
[White "Matic, Marijo"]
[Black "Auterhoff, Jürgen"]
[Result "1/2-1/2"]
[WhiteElo "1567"]
[BlackElo "1772"]
[PlyCount "92"]
[EventDate "2016.??.??"]
[WhiteTeam "SC Ostfildern"]
[BlackTeam "SC Pasing"]

1. d4 Nf6 2. e3 e6 3. Bd3 d5 4. Nd2 c5 5. c3 Nc6 6. Ngf3 Bd6 7. e4 cxd4 8. cxd4
dxe4 9. Bxe4 Nxe4 10. Nxe4 Bb4+ 11. Nc3 O-O 12. O-O b6 13. Ne2 Ba6 14. a3 Bd6
15. Re1 Rc8 16. b4 Qc7 17. Bb2 Bb7 18. Rc1 Qb8 19. Qb3 Ne7 20. Ng3 Bd5 21. Qd3
Bf4 22. Rxc8 Rxc8 23. Ne4 Bc4 24. Qb1 Nf5 25. Ng3 Nxg3 26. hxg3 Bh6 27. Bc1
Bxc1 28. Rxc1 Bd5 29. Nd2 Qb7 30. f3 Rxc1+ 31. Qxc1 Qc6 32. Qxc6 Bxc6 33. Kf2
Kf8 34. g4 g5 35. Ke3 h6 36. Nb1 a5 37. g3 axb4 38. axb4 Ke7 39. Nc3 f6 40. b5
Bd5 41. Na4 Bc4 42. Nxb6 Bxb5 43. d5 Kd6 44. dxe6 Kxe6 45. f4 Bc6 46. Nc4 Kd5
1/2-1/2

[Event "Int. Stuttgarter Stadtmeisterschaft B"]
[Site "Ditzingen"]
[Date "2016.05.05"]
[Round "1.33"]
[White "Richter, Gerrit"]
[Black "Schütz, Uwe"]
[Result "0-1"]
[WhiteElo "1561"]
[BlackElo "1726"]
[PlyCount "42"]
[EventDate "2016.??.??"]
[WhiteTeam "TSV/RSK Esslingen"]
[BlackTeam "SC Ostfildern"]

1. e4 c5 2. Nf3 Nc6 3. d4 cxd4 4. Nxd4 a6 5. Nc3 e6 6. Be3 Be7 7. Qd2 Nf6 8. f3
Qc7 9. O-O-O d6 10. Kb1 Bd7 11. Be2 O-O 12. g4 b5 13. h4 b4 14. Na4 Nxd4 15.
Qxd4 Bxa4 16. b3 Bb5 17. Bxb5 axb5 18. Qxb4 Rfc8 19. Rd2 Qb7 20. Bf4 e5 21. Bg5
d5 0-1

[Event "Int. Stuttgarter Stadtmeisterschaft B"]
[Site "Ditzingen"]
[Date "2016.05.05"]
[Round "1.34"]
[White "Strauss, Martin"]
[Black "Pfeilsticker, Thorsten"]
[Result "0-1"]
[WhiteElo "1759"]
[BlackElo "1560"]
[PlyCount "96"]
[EventDate "2016.??.??"]
[WhiteTeam "SC Sillenbuch"]
[BlackTeam "SV Stuttgart-Wolfbusch"]

1. e4 c5 2. c3 a6 3. Nf3 b5 4. a4 Bb7 5. axb5 Bxe4 6. bxa6 Bb7 7. Bb5 Nxa6 8.
Qe2 Nc7 9. Na3 Nf6 10. Bc4 e6 11. d4 cxd4 12. cxd4 Bb4+ 13. Bd2 Qe7 14. Bxb4
Qxb4+ 15. Qd2 Qxd2+ 16. Kxd2 Bxf3 17. gxf3 Ke7 18. Nc2 Ncd5 19. Rhe1 Rhb8 20.
Rxa8 Rxa8 21. Ne3 Ra4 22. Nxd5+ Nxd5 23. Kd3 Nb6 24. Rc1 Ra5 25. Rg1 g6 26. Rg3
Rh5 27. h3 Rh4 28. Kc3 Na4+ 29. Kb3 Rxd4 30. Rg4 Nc5+ 31. Kc3 Rxg4 32. hxg4 d5
33. Be2 e5 34. b4 Na4+ 35. Kb3 Nb6 36. b5 f6 37. Kb4 Kd6 38. Bd3 Nd7 39. Bc2 h5
40. gxh5 gxh5 41. Bf5 Nb6 42. Ka5 Kc5 43. Bg6 h4 44. Bf5 d4 45. Ka6 Nd5 46. Ka5
Nb6 47. Ka6 Nc4 48. Be6 d3 0-1

[Event "Int. Stuttgarter Stadtmeisterschaft B"]
[Site "Ditzingen"]
[Date "2016.05.05"]
[Round "1.35"]
[White "Yi, Wendy"]
[Black "Sax, Leon"]
[Result "1/2-1/2"]
[WhiteElo "1559"]
[BlackElo "1727"]
[PlyCount "171"]
[EventDate "2016.??.??"]
[WhiteTeam "SF Kornwestheim"]
[BlackTeam "SK Sachsenheim"]

1. e4 e6 2. d4 d5 3. exd5 exd5 4. Bd3 Bd6 5. Nf3 Ne7 6. Bg5 Nbc6 7. Nbd2 f6 8.
Bh4 Bg4 9. c3 Qd7 10. Qc2 Bf5 11. O-O O-O-O 12. b4 Rde8 13. a4 h5 14. a5 Bxd3
15. Qxd3 g5 16. Bg3 Nf5 17. b5 Nd8 18. c4 dxc4 19. Nxc4 Bxg3 20. fxg3 g4 21. b6
Kb8 22. Nfd2 Qxd4+ 23. Qxd4 Nxd4 24. Rxf6 Re6 25. Rxe6 N8xe6 26. Rf1 Rf8 27.
Rxf8+ Nxf8 28. Ne4 Nd7 29. bxc7+ Kxc7 30. Kf2 Kc6 31. Ke3 Ne6 32. h3 b5 33.
axb6 axb6 34. hxg4 hxg4 35. Nxb6 Kxb6 36. Nf2 Nf6 37. Nxg4 Nxg4+ 38. Ke4 Nh6
39. Ke5 Nc5 40. Kf6 Ne4+ 41. Kg6 Ng4 42. Kf5 Nef2 43. Kf4 Kc5 44. Kf3 Kd5 45.
Kf4 Kd4 46. Kf5 Kd3 47. Kg5 Ke2 48. Kf5 Kf1 49. Kf4 Kxg2 50. Kf5 Kxg3 51. Ke6
Kf4 52. Kd5 Ke3 53. Kc4 Nf6 54. Kc5 N2e4+ 55. Kc4 Nd6+ 56. Kc5 Nf5 57. Kc4 Ke4
58. Kc5 Kd3 59. Kc6 Kc4 60. Kc7 Kc5 61. Kd8 Kd6 62. Kc8 Nd4 63. Kb7 Nd5 64. Kc8
Ke7 65. Kb7 Kd6 66. Kc8 Nc6 67. Kb7 Ncb4 68. Kc8 Ke7 69. Kb7 Kd7 70. Kb8 Na6+
71. Kb7 Nc5+ 72. Kb8 Kd8 73. Ka7 Kc7 74. Ka8 Nd7 75. Ka7 Nb8 76. Ka8 Nb4 77.
Ka7 Nd7 78. Ka8 Nc5 79. Ka7 Na4 80. Ka8 Kc8 81. Ka7 Kc7 82. Ka8 Nc3 83. Ka7
Nb5+ 84. Ka8 Nd6 85. Ka7 Nc8+ 86. Ka8 1/2-1/2

[Event "Int. Stuttgarter Stadtmeisterschaft B"]
[Site "Ditzingen"]
[Date "2016.05.05"]
[Round "1.36"]
[White "Holschke, Christian"]
[Black "Khadempour, Parviz"]
[Result "1-0"]
[WhiteElo "1723"]
[BlackElo "1558"]
[PlyCount "91"]
[EventDate "2016.??.??"]
[WhiteTeam "SC Neckarsulm"]
[BlackTeam "SV Reutlingen"]

1. e4 c6 2. d4 d6 3. c4 Nd7 4. Nc3 Ngf6 5. Bd3 e5 6. d5 Be7 7. Be3 O-O 8. Nge2
Ng4 9. Bd2 Nc5 10. Bc2 f5 11. h3 Nh6 12. Bxh6 gxh6 13. exf5 Bxf5 14. Ng3 Bxc2
15. Qxc2 Bh4 16. Nce4 cxd5 17. Nxc5 Qa5+ 18. Qc3 Qxc5 19. O-O Qxc4 20. Qxc4
dxc4 21. Ne4 d5 22. Nc3 d4 23. Ne4 Be7 24. Rfe1 Rad8 25. Rad1 Rfe8 26. Ng3 Bg5
27. Ne4 Kf7 28. g3 Bf6 29. a4 b6 30. Rc1 Rc8 31. Nd6+ Ke6 32. Nxe8 Rxe8 33.
Rxc4 Kd5 34. b3 Re7 35. h4 Rg7 36. Kf1 e4 37. Rd1 h5 38. Rb4 Rc7 39. a5 bxa5
40. Rb5+ Rc5 41. Rb7 Kc6 42. Rxa7 d3 43. Ra6+ Kb5 44. Rxf6 Re5 45. Rf4 Kb4 46.
Rxd3 1-0

[Event "Int. Stuttgarter Stadtmeisterschaft B"]
[Site "Ditzingen"]
[Date "2016.05.05"]
[Round "1.37"]
[White "Lechler, Walter"]
[Black "Löchel, Günter"]
[Result "0-1"]
[WhiteElo "1557"]
[BlackElo "1744"]
[PlyCount "75"]
[EventDate "2016.??.??"]
[WhiteTeam "SK Dinkelsbühl"]
[BlackTeam "SC Kreut"]

1. e4 d5 2. exd5 Qxd5 3. Nc3 Qd8 4. d4 Nf6 5. Nf3 Bg4 6. Be2 e6 7. O-O Be7 8.
Be3 O-O 9. Ne5 Bxe2 10. Qxe2 Nd5 11. Nxd5 Qxd5 12. c3 Nc6 13. Nxc6 Qxc6 14. Bf4
Bd6 15. Bxd6 Qxd6 16. Rfe1 Rac8 17. Rad1 Rfd8 18. Rd2 h6 19. Qe4 b6 20. Rde2 c5
21. dxc5 Rxc5 22. h3 Rd5 23. Qb4 Qd7 24. Qe4 Rf5 25. c4 Qc7 26. b3 Rf4 27. Qe5
Qxe5 28. Rxe5 Rfd4 29. Kf1 Kf8 30. R5e3 R4d6 31. f4 g6 32. Kf2 Ke7 33. g3 Kf6
34. R1e2 Rd1 35. h4 Rh1 36. Kf3 Rdd1 37. Re4 Rhg1 38. R4e3 0-1

[Event "Int. Stuttgarter Stadtmeisterschaft B"]
[Site "Ditzingen"]
[Date "2016.05.05"]
[Round "1.38"]
[White "Longo, Massimo"]
[Black "Blum, Michael"]
[Result "1-0"]
[WhiteElo "1719"]
[BlackElo "1537"]
[PlyCount "51"]
[EventDate "2016.??.??"]
[WhiteTeam "SK Gräfelfing"]
[BlackTeam "SC Aidlingen"]

1. d4 Nf6 2. c4 d5 3. Nc3 e6 4. cxd5 Nxd5 5. e4 Nxc3 6. bxc3 c5 7. d5 Be7 8.
Bb5+ Bd7 9. Bc4 O-O 10. Ne2 b5 11. Bb3 c4 12. Bc2 Qc7 13. Bf4 e5 14. Bg3 Bg4
15. f3 Bh5 16. O-O Nd7 17. Kh1 Bd6 18. Qd2 f6 19. Bf2 Nc5 20. g4 h6 21. gxh5
Qd7 22. Ng3 Qh3 23. Rg1 f5 24. Qe2 Rae8 25. Qf1 Qxf1 26. Raxf1 1-0

[Event "Int. Stuttgarter Stadtmeisterschaft B"]
[Site "Ditzingen"]
[Date "2016.05.05"]
[Round "1.39"]
[White "Sinner, Viktor"]
[Black "Gläser, Hartmut"]
[Result "1/2-1/2"]
[WhiteElo "1533"]
[BlackElo "1741"]
[PlyCount "119"]
[EventDate "2016.??.??"]
[WhiteTeam "TSV/RSK Esslingen"]
[BlackTeam "PTSV Halle"]

1. e4 c5 2. Nf3 Nc6 3. d4 cxd4 4. Nxd4 e5 5. Nxc6 bxc6 6. Bc4 Bc5 7. O-O d6 8.
Qe2 Be6 9. Nc3 Ne7 10. Bxe6 fxe6 11. Bg5 O-O 12. a3 h6 13. Bh4 Qd7 14. Rad1 Ng6
15. Bg3 Nf4 16. Bxf4 Rxf4 17. Na4 Bb6 18. Nxb6 axb6 19. Rd3 Raf8 20. f3 Qe7 21.
c4 Rd8 22. Rfd1 Rf6 23. Qd2 d5 24. cxd5 exd5 25. exd5 Qc5+ 26. Kh1 Rfd6 27. Qe2
Rxd5 28. h3 Rxd3 29. Rxd3 Rxd3 30. Qxd3 Qc1+ 31. Kh2 Qf4+ 32. Kg1 Qd4+ 33. Qxd4
exd4 34. Kf1 Kf7 35. f4 Kf6 36. g4 c5 37. Kf2 Ke6 38. b3 Kd5 39. Kf3 c4 40.
bxc4+ Kxc4 41. Ke2 Kc3 42. Kd1 b5 43. g5 hxg5 44. fxg5 Kb3 45. h4 Kxa3 46. h5
b4 47. h6 gxh6 48. gxh6 b3 49. h7 b2 50. h8=Q b1=Q+ 51. Kd2 Qb2+ 52. Kd1 Qb3+
53. Kc1 Qc3+ 54. Kd1 Qd3+ 55. Kc1 Qf1+ 56. Kd2 Qf2+ 57. Kd1 Kb3 58. Qb8+ Kc3
59. Qc8+ Kd3 60. Qa6+ 1/2-1/2

[Event "Int. Stuttgarter Stadtmeisterschaft B"]
[Site "Ditzingen"]
[Date "2016.05.05"]
[Round "1.40"]
[White "Bauer, Frank"]
[Black "Gheng, Christian"]
[Result "1/2-1/2"]
[WhiteElo "1490"]
[BlackElo "1740"]
[PlyCount "57"]
[EventDate "2016.??.??"]
[WhiteTeam "SC Feuerbach"]
[BlackTeam "Schach-Kids Bernhausen"]

1. Nf3 d5 2. c4 d4 3. g3 Nc6 4. Bg2 Bf5 5. O-O e5 6. d3 Nf6 7. Na3 Qd7 8. Bd2
Bh3 9. Rb1 h5 10. Nb5 Bxg2 11. Kxg2 a6 12. Na3 Be7 13. h4 Nh7 14. Rh1 f5 15. c5
e4 16. Ng5 Nxg5 17. Bxg5 Bxg5 18. hxg5 Qe7 19. Nc4 Qxg5 20. dxe4 fxe4 21. Rh4
Qd5 22. Qc2 e3+ 23. Re4+ Kd8 24. f3 Qxc5 25. Re1 Kc8 26. Nxe3 Qxc2 27. Nxc2 Kb8
28. Nxd4 Rh6 29. Nxc6+ 1/2-1/2

[Event "Int. Stuttgarter Stadtmeisterschaft B"]
[Site "Ditzingen"]
[Date "2016.05.05"]
[Round "1.41"]
[White "Wohlt, Harald"]
[Black "Stegmiller, Dennis"]
[Result "1/2-1/2"]
[WhiteElo "1735"]
[BlackElo "1454"]
[PlyCount "79"]
[EventDate "2016.??.??"]
[WhiteTeam "Stuttgarter SF"]
[BlackTeam "TSF Ditzingen"]

1. Nf3 Nf6 2. g3 g6 3. Bg2 d6 4. c4 Bg7 5. Nc3 O-O 6. O-O Nbd7 7. Qc2 c5 8. b3
a6 9. Bb2 Rb8 10. d3 b5 11. cxb5 axb5 12. Rac1 Bb7 13. Qb1 b4 14. Nd1 Qa5 15.
Ne3 Ra8 16. Qc2 Qc7 17. d4 Rxa2 18. Ra1 Rfa8 19. Rxa2 Rxa2 20. Ra1 Rxa1+ 21.
Bxa1 Nd5 22. Nxd5 Bxd5 23. e4 Bb7 24. e5 dxe5 25. dxe5 Nxe5 26. Bxe5 Bxe5 27.
Nxe5 Bxg2 28. Kxg2 Qxe5 29. Qc4 e6 30. Kg1 f5 31. Qa6 Qe1+ 32. Kg2 Qe4+ 33. Kg1
Qb1+ 34. Kg2 Qxb3 35. Qc8+ Kg7 36. Qd7+ Kh6 37. Qe7 Qc4 38. h4 b3 39. Qg5+ Kg7
40. Qe7+ 1/2-1/2

[Event "Int. Stuttgarter Stadtmeisterschaft B"]
[Site "Ditzingen"]
[Date "2016.05.05"]
[Round "1.42"]
[White "Butenandt, Svenja"]
[Black "Braun, Tobias"]
[Result "1/2-1/2"]
[WhiteElo "1451"]
[BlackElo "1732"]
[PlyCount "78"]
[EventDate "2016.??.??"]
[WhiteTeam "TV Tegernsee"]
[BlackTeam "SSV Zuffenhausen"]

1. e4 c6 2. d4 d5 3. e5 Bf5 4. h4 h6 5. g4 Bh7 6. e6 fxe6 7. Bd3 Bxd3 8. Qxd3
Qd6 9. Qg6+ Kd7 10. Nf3 Nf6 11. Ne5+ Kc7 12. Nf7 Qb4+ 13. c3 Qc4 14. Nxh8 c5
15. Be3 Qb5 16. Qc2 Nxg4 17. Ng6 Nd7 18. Nxf8 Rxf8 19. Qe2 Qb6 20. Na3 Nxe3 21.
fxe3 a6 22. O-O-O Qa5 23. Kb1 b5 24. Rc1 c4 25. Qg4 Qb6 26. Qxg7 a5 27. Qxe7 b4
28. cxb4 axb4 29. Nc2 b3 30. axb3 Qxb3 31. Qb4 Qd3 32. Rcd1 Qe4 33. h5 Rf2 34.
Qc3 Nb6 35. b3 Kd7 36. Rdf1 Rg2 37. Kc1 cxb3 38. Qxb3 Nc4 39. Rf4 Rxc2+ 1/2-1/2

[Event "Int. Stuttgarter Stadtmeisterschaft B"]
[Site "Ditzingen"]
[Date "2016.05.05"]
[Round "1.43"]
[White "Schreiber, Stephan"]
[Black "Wagner, Dimitrij"]
[Result "1-0"]
[WhiteElo "1730"]
[BlackElo "1445"]
[PlyCount "65"]
[EventDate "2016.??.??"]
[WhiteTeam "SC Botnang"]
[BlackTeam "SV Hülzweiler"]

1. d4 d5 2. Bf4 Nf6 3. e3 e6 4. Bd3 c5 5. c3 Nbd7 6. h3 Be7 7. Nf3 O-O 8. Nbd2
a6 9. O-O b6 10. Re1 Bb7 11. e4 dxe4 12. Nxe4 Nxe4 13. Bxe4 Bxe4 14. Rxe4 Nf6
15. Re2 cxd4 16. Nxd4 Bc5 17. Rd2 Bxd4 18. Rxd4 Qc8 19. Bg5 e5 20. Rd3 Ne4 21.
Be3 b5 22. Qe2 f5 23. f3 Nf6 24. Rad1 Qc7 25. Bg5 e4 26. Rd4 Qg3 27. Bxf6 Rxf6
28. fxe4 fxe4 29. Rd8+ Rxd8 30. Rxd8+ Kf7 31. Qh5+ Rg6 32. Qd5+ Ke7 33. Rd7+
1-0

[Event "Int. Stuttgarter Stadtmeisterschaft B"]
[Site "Ditzingen"]
[Date "2016.05.05"]
[Round "1.44"]
[White "Zou, Kuangda Konrad"]
[Black "Weißenberger, Mario"]
[Result "0-1"]
[WhiteElo "1432"]
[BlackElo "1725"]
[PlyCount "118"]
[EventDate "2016.??.??"]
[WhiteTeam "SGem Vaihingen-Rohr"]
[BlackTeam "Ssg Fils-Lauter"]

1. e4 e6 2. d4 d5 3. exd5 exd5 4. Bd3 Bd6 5. Nf3 Nc6 6. c3 Bg4 7. Qe2+ Nge7 8.
h3 Bh5 9. Be3 Qd7 10. Nbd2 O-O-O 11. g4 Bg6 12. O-O-O Rde8 13. Nh4 Bxd3 14.
Qxd3 h5 15. f3 g6 16. Qe2 Bg3 17. Ng2 f5 18. Bf4 Bxf4 19. Nxf4 Qd6 20. Qe6+
Qxe6 21. Nxe6 Nd8 22. Nf4 hxg4 23. hxg4 g5 24. Rxh8 Rxh8 25. Re1 gxf4 26. Rxe7
fxg4 27. fxg4 Rg8 28. Re5 Rxg4 29. Rxd5 Ne6 30. Rf5 Ng5 31. Rf8+ Kd7 32. Kd1
Ne6 33. Nf3 Nxf8 34. Ne5+ Ke6 35. Nxg4 Kf5 36. Ne5 Ke4 37. Ke2 c5 38. Nf3 Ne6
39. dxc5 Nxc5 40. Nd2+ Kf5 41. c4 Na4 42. b4 Nc3+ 43. Kf3 Nxa2 44. b5 Nc3 45.
Nb3 Ke5 46. Na5 Ne4 47. Nxb7 Nd2+ 48. Ke2 Nxc4 49. Nd8 Ke4 50. Nc6 f3+ 51. Kf2
Nb2 52. Nxa7 Nd1+ 53. Kf1 Ne3+ 54. Kf2 Ng4+ 55. Kf1 Ke3 56. b6 Nh2+ 57. Kg1 f2+
58. Kg2 f1=Q+ 59. Kxh2 Kf3 0-1

[Event "Int. Stuttgarter Stadtmeisterschaft B"]
[Site "Ditzingen"]
[Date "2016.05.05"]
[Round "1.45"]
[White "Zaytsev, Evgeny"]
[Black "Hauger, Albrecht"]
[Result "1-0"]
[WhiteElo "1723"]
[BlackElo "1429"]
[PlyCount "83"]
[EventDate "2016.??.??"]
[WhiteTeam "Stuttgarter SF"]
[BlackTeam "SC Magstadt"]

1. d4 d5 2. c4 e6 3. Nc3 c5 4. Nf3 Nc6 5. g3 Nf6 6. Bg2 b6 7. O-O Bb7 8. Qa4
Qd7 9. Bg5 Be7 10. Bxf6 Bxf6 11. dxc5 bxc5 12. cxd5 exd5 13. Rad1 d4 14. Ne4
Be7 15. Qb3 O-O 16. Neg5 Rab8 17. Qd3 g6 18. a3 a5 19. h4 f6 20. Qc4+ Kh8 21.
Ne6 Qd6 22. Nxf8 Bxf8 23. e3 Ne5 24. Nxe5 fxe5 25. Bxb7 Rxb7 26. exd4 cxd4 27.
Rd2 Rd7 28. Rfd1 Bg7 29. b4 Rc7 30. Qb5 axb4 31. axb4 Rc6 32. Qb7 Rb6 33. Qc8+
Bf8 34. Qc5 Rxb4 35. Qxd6 Bxd6 36. Kf1 Rc4 37. Ke2 Kg7 38. Kf3 Be7 39. Ra2 Rc5
40. Ra7 Kf7 41. Ke4 h5 42. Rb1 1-0

[Event "Int. Stuttgarter Stadtmeisterschaft B"]
[Site "Ditzingen"]
[Date "2016.05.05"]
[Round "1.46"]
[White "Sprenger, Klaus"]
[Black "Kusch, Jacek"]
[Result "1/2-1/2"]
[WhiteElo "1419"]
[BlackElo "1720"]
[PlyCount "119"]
[EventDate "2016.??.??"]
[WhiteTeam "TSF Ditzingen"]
[BlackTeam "SV Urach"]

1. d4 Nf6 2. c4 e6 3. Bg5 Bb4+ 4. Nc3 h6 5. Bh4 c5 6. e3 Qa5 7. Qc2 g5 8. Bg3
cxd4 9. exd4 d5 10. Be5 Nbd7 11. Bxf6 Nxf6 12. f3 Bd7 13. c5 Ba4 14. Qd2 O-O-O
15. a3 Bc6 16. Bd3 e5 17. Bf5+ Kb8 18. Nge2 exd4 19. Nxd4 Rhe8+ 20. Kf2 Bxc3
21. Nxc6+ bxc6 22. bxc3 Qxc5+ 23. Qd4 Qxd4+ 24. cxd4 Nd7 25. a4 Nb6 26. a5 Nc4
27. a6 Re7 28. Rhb1+ Nb6 29. Re1 Rde8 30. Rxe7 Rxe7 31. Rc1 Kc7 32. Bd3 Kd6 33.
g3 Nd7 34. Rb1 Nf8 35. h4 Ne6 36. hxg5 hxg5 37. Rb4 c5 38. dxc5+ Nxc5 39. Bf1
f5 40. Rb8 f4 41. g4 d4 42. Rb4 d3 43. Rd4+ Ke5 44. Rd8 Nxa6 45. Bxd3 Nb4 46.
Be4 Na2 47. Rd5+ Kf6 48. Bf5 Nc3 49. Rd6+ Kf7 50. Rg6 Nd1+ 51. Kf1 Ne3+ 52. Kf2
Nxf5 53. gxf5 Re5 54. Rxg5 Kf6 55. Rg6+ Kxf5 56. Ra6 Re7 57. Ra5+ Kg6 58. Ra6+
Kg5 59. Ra5+ Kh4 60. Rf5 1/2-1/2